000 00847nam a2200217 a 4500
001 9397
003 CO-ViMGA
008 141112s2004 ck r 000 u spa d
040 _aCO-ViMGA
_bspa
_cCO-ViMGA
082 0 4 _a303.69 K141c
100 1 _aKahane, Adam
_910227
245 1 0 _aCómo resolver problemas complejos :
_bUna novedosa manera de hablar, escuchar y crear nuevas realidades
260 _aBogotá; Norma,
_c2005
300 _a184
505 _aproblemas complejos 3 - - Hablar 41 - - Escuchar 85 - - Crear nuevas realidades 113
590 _aForma de adquisición : Compra fact. 0855 - - Precio : 34200 - - Proveedor : Temas y libros - - Fecha de adquisición : Mayo 2007
650 1 4 _aCOMUNICACION - ASPECTOS SOCIALES
_910228
650 1 4 _aCONFLICTOS PERSONALES
_910229
650 1 4 _aSOLUCION DE CONFLICTOS
_954
942 _2ddc
_cBK
999 _c20917
_d20917